| 000 | 01025nam a2200265 a 4500 | ||
|---|---|---|---|
| 999 |
_c12369 _d12369 |
||
| 001 | 12369 | ||
| 003 | BD-JhCC | ||
| 005 | 20211115100707.0 | ||
| 008 | 210605s2005 ii b 001 0 eng | ||
| 020 | _a1565644123 (pbk.) | ||
| 020 | _a1565644131 (hbk.) | ||
| 035 | _a(BD-JhCC)12369 | ||
| 040 |
_aDLC _cDLC _dBD-JhCC |
||
| 041 | 1 |
_aeng _hara |
|
| 082 |
_a349.1767 _bALR 2005 |
||
| 100 | 1 |
_aAl-Raysūnī, Aḥmad, _cDuktūr. |
|
| 245 | 1 | 0 |
_aImam al-Shatibi's theory of the higher objectives and intents of Islamic law / _cAhmad al-Raysuni ; with an introduction by Taha Jabir al-Alwani ; translated from the Arabic by Nancy Roberts. |
| 246 | 1 | 7 | _aHigher objectives of Islamic law |
| 260 |
_aLondon ; _aWashington : _bInternational Institute of Islamic Thought, _c2005. |
||
| 300 |
_axxxvi, 441 p. ; _c24 cm. |
||
| 504 | _aIncludes bibliographical references (p. [410]-420) and index. | ||
| 600 | 1 | 0 |
_aShāṭibī, Ibrāhīm ibn Mūsá, _d-1388. |
| 710 | 2 | _aInternational Institute of Islamic Thought. | |
| 942 |
_2ddc _cBK |
||